000 01149nam a22002175i 4500
001 48773
003 ES-MaACL
005 20250830062228.0
007 t|
008 960520s1813 sp ||||1| spa d
040 _aCAM
_bspa
_cCCPB | SIC
100 1 _aDiego José de Cádiz
_cBeato.
_944566
245 1 3 _aEl Soldado catolico en guerra de religion
_b: carta instructiva ascetico-historico-politica, en que se propone á un Soldado Catolico la necesidad de prepararse ... en la actual guerra contra el impio partido de la infiel, sediciosa, y regicida Asamblea de la Francia /
_cescribiala el Pr. Fr. Diego Josef de Cadiz misionero apostolico del orden Menores Capuchinos ... ; primera [-segunda] parte.
260 _a[Málaga] :
_b[s.n.,
_cs.a.] (
_fReimpreso en Málaga por los Herederos de D. Francisco Martinez Aguilar)
300 _a78, [2] p., [1] h. de grab. ;
_c20 cm.
500 _3Es reimp. de la ed. de: Cádiz : [s.n.], 1813 (Casa de Misericordia)
597 _aLa segunda parte con portadilla propia.
650 0 7 _aTeología pastoral
_2embne
_917472
852 _aES-MaACL
_jZ-1-F-3
_xOlim: 1496-F-10
999 _c48773
_d48773